000
00290nam a22001337a 4500
008
170904b xxu||||| |||| 00| 0 eng d
020
_a
9780312601782
041
_a
eng
080
_a
070
100
_a
40
101
_a
MED
245
_a
WRITING TOGETHER
_c
LUNSFORD.AA.
942
_2
udc
_c
BK
999
_c
26059
_d
26059